| 000 | 01272nam a2200325Ia 4500 | ||
|---|---|---|---|
| 001 | ebr10738076 | ||
| 003 | CaPaEBR | ||
| 006 | m o u | ||
| 007 | cr cn||||||||| | ||
| 008 | 120523s2013 njua sb 001 0 eng d | ||
| 010 | _z 2012020962 | ||
| 020 | _z9780470903049 | ||
| 020 | _z9781118447925 | ||
| 040 |
_aCaPaEBR _cCaPaEBR |
||
| 035 | _a(OCoLC)794922814 | ||
| 050 | 1 | 4 |
_aHB137 _b.S63 2013eb |
| 082 | 0 | 4 |
_a338.0072/3 _223 |
| 100 | 1 |
_aSnijkers, Ger, _d1963- |
|
| 245 | 1 | 0 |
_aDesigning and conducting business surveys _h[electronic resource] / _cGer Snijkers ... [et al.]. |
| 260 |
_aHoboken, NJ : _bJohn Wiley & Sons, Inc., _cc2013. |
||
| 300 |
_axxvii, 609 p. : _bill. (some col.). |
||
| 490 | 0 |
_aWiley series in survey methodology ; _v568 |
|
| 504 | _aIncludes bibliographical references and index. | ||
| 533 |
_aElectronic reproduction. _bPalo Alto, Calif. : _cebrary, _d2013. _nAvailable via World Wide Web. _nAccess may be limited to ebrary affiliated libraries. |
||
| 650 | 0 | _aIndustrial surveys. | |
| 650 | 0 |
_aEconomics _xStatistical methods. |
|
| 655 | 7 |
_aElectronic books. _2local |
|
| 710 | 2 | _aebrary, Inc. | |
| 856 | 4 | 0 |
_uhttp://site.ebrary.com/lib/rucke/Doc?id=10738076 _zAn electronic book accessible through the World Wide Web; click to view |
| 999 |
_c36364 _d36364 |
||